Представление документа в формате RUSMARC

ПолеНазваниеЗначение
  Тип записи a
  Библиографический уровень a
001 Контрольный номер RU/CBS_UL/BASE/596584589
005 Дата корректировки 20240209175232.2
100 Данные общей обработки __
a Данные общей обработки 20181126d2018 ||| 0rusy0189 ca
101 Язык документа 0_
a Язык текста rus
102 Страна публикации __
a Страна публикации RU
105 Кодированные данные (монография) __
a Кодированные данные (монография) y###||||000|y
200 Заглавие и сведения об ответственности 1_
a Заглавие Отравленная жвачка, сатанисты и группы смерти
b Общее обозначение материала Текст
e Сведения, относящиеся к заглавию [страшилки как вид фольклора]
f Первые сведения об ответственности О. Васильева
300 Общие примечания __
a Общие примечания Ограничения по возрасту - 16+
461 Уровень набора _0
1 2000
a Русский репортер
463 Уровень физической единицы _0
1 001RU/CBS_UL/BASE/594949340
1 2000
a № 20 (8 октября)
v С. 50-55: ил.
1 210
d 2018
606 Тематические рубрики 0_
a Основная рубрика Фольклор - Страшилки
610 Ключевые слова 0_
a Ключевые слова фольклор
a Ключевые слова городские легенды
a Ключевые слова страшилки
a Ключевые слова современный фольклор
a Ключевые слова страшные истории
a Ключевые слова легенды
686 Индексы других классификаций __
a Классификационный индекс 82.3(2Рос)
2 Код системы ББК
700 Автор _1
a Фамилия Васильева
b Имя (инициалы) О.
801 Источник записи _0
a Страна RU
b Организация МБУК ЦБС г. Ульяновска
c Дата составления 20181126
g Правила каталогизации RCR
801 Источник записи _1
a Страна RU
b Организация МБУК ЦБС г. Ульяновска
c Дата составления 20181126
g Правила каталогизации RCR
901 Тип документа __
t Тип документа b
w Контрольный № источника RU/CBS_UL/BASE/594949340
910 Корректоры записи __
a Корректор записи Библиотека 8
938 Служебная информация __
a Имя БД period